Slovenské pekárske noviny odborný časopis všetkých pekárov na Slovensku a Podkarpatskej Rusi
Odborný záujmový časopis. Mal totožnú úpravu, ba niektoré čísla mali celý obsah (články) totožné so Slovenskými mlynárskymi novinami
| Corporate Author: | |
|---|---|
| Other Authors: | , , , , |
| Format: | Journal |
| Language: | Slovak Hungarian German |
| PhysicalDescription: | 13 roč. 31 x 24 cm |
| Published: |
Prešov
Ernest Grossmann
1/I 1927-2/I 1927
Prešov [s.n.] Prešov Vojtech Marenčín |
| Subjects: |
MARC
| LEADER | 00000nas a22000001a 4500 | ||
|---|---|---|---|
| 001 | vtls010300448 | ||
| 003 | SK-MaSNL | ||
| 005 | 20260228163348.0 | ||
| 008 | 110810d19271939xo er p r 0 b0slo | ||
| 015 | |a SNBDS17XX9999 | ||
| 015 | |a 0643 |2 Kipsová 1919-38 | ||
| 015 | |a 0526 |2 Fedor 1939-44 | ||
| 038 | |a SNKBUDS | ||
| 040 | |a SNK |b slo |c SNK |e AACR2 | ||
| 041 | 0 | |a slo |a hun |a ger | |
| 044 | |a xo |c SK | ||
| 245 | 0 | 0 | |a Slovenské pekárske noviny |b odborný časopis všetkých pekárov na Slovensku a Podkarpatskej Rusi |
| 246 | 1 | 1 | |a Szlovenszkói sütők lapja |b A szlovenszkói és podkarp. russzi sütőiparosok szaklapja |
| 246 | 1 | 1 | |a Slovakische Bäcker - Zeitung |b Fachblatt sämtlicher Bäcker in der Slovakei und Karpatorussland |
| 260 | |a Prešov |b Ernest Grossmann |c 1/I 1927-2/I 1927 | ||
| 260 | 2 | |3 3/I 1927-1938 |a Prešov |b [s.n.] | |
| 260 | 3 | |3 1939 |a Prešov |b Vojtech Marenčín | |
| 300 | |a 13 roč. |c 31 x 24 cm | ||
| 310 | |a 2x mesačne | ||
| 362 | 0 | |a Roč. I, č. 1 (8.1.1927)-roč. XIII, č. 5 (23.3.1939) | |
| 500 | |a Zmena podnázvu: od 19/V (27. sept. 1931) Úradný orgán Krajinského sväzu pekárskych majstrov na Slovensku a Podkarpatskej Rusi. - A szlovenszkói és podkarp. ruszi sütőmesterek orsz. szövetségének hivatalos orgánuma. - Offizielles Organ des Landesverbandes aller Backermeister in der Slovakei und Karpatorussland; od 19/V (27. sept. 1931) Úradný orgán Krajinského zväzu pekárskych majstrov na Slovensku a Podkarpatskej Rusi. - A szlovenskói és podkarp. ruszi sütőmesterek orsz. szövetségének hivatalos orgánuma.- Offizielles Organ des Landesverbandes aller Backermeister in der Slovakei und. Podkarp. Rus; od 20/V (11. okt. 1931) Úradný orgán krajinského sväzu pekárskych majstrov na Slovensku a Podkarpatskej Rusi. Sekretariál v Trnave.- A szlovenskói és podkarp. ruszi sütőmesterek orsz. szövetségének hivat. orgánuma. Titkárság Trnaván.- Offizielles Organ des Landes - Bäckermeisterverbandes in der Slov. u. Podk. Rus. Sekretariát in Trnava; od 1/VIII (10. jan. 1934) Úradný orgán Zväzu pekárskych majstrov pre Slovensko a Podkarp. Rus.- A szlovenskói és podkarp. ruszi sütőmesterek orságos szövetségének hiv. lapja; od 1/XIII (1939) Odborný časopis pekársky | ||
| 500 | |a Vych. v Prešove každý druhý týždeň; od 1/VIII (10. jan. 1934) každého 10-ho a 25-ho v mesiaci; od 1/IX (10. jan. 1935) dva razy v mesiaci vo formáte 31 x 24 cm; od 1/VIII (10. jan. 1934) 42 x 30 cm; od 1/XIII (1939) 42 x 29 cm | ||
| 500 | |a Hlav. red. H. Reisz; od 1/VIII (10. jan. 1934) Bohumil Svoboda. Zodp. red. Ernest Grossmann; od 1/VIII (10. jan. 1934) Albín Schein. Red. od 1/VIII (10. jan. 1934) Bohumil Svoboda s redakčným krúžkom. Hlav. spoluprac. Fr. Pieringer ml.; od 4/I (19. febr. 1927) Štefan Karl Pék. Pražský red. od 1/II (8. jan. 1928) B. Svoboda; od 1/XIII (1939) zodp. red. Vojtech Marenčín | ||
| 500 | |a Vyd. Ernest Grossmann; od 3/I (5. febr. 1927) bez vydav. údajov; od 1/XIII (1939) Vojtech Marenčín | ||
| 500 | |a Tlač. Kníhtlačiareň Pallas | ||
| 500 | |a Začal vychádzať 8. jan. 1927. Vychádzanie časopisu povolil Župný úrad v Košiciach výmerom č. 77675/1926 zo dňa 29. decembra 1926. Jeho zastavenie bolo oznámené výmerom Polic. riadit. v Prešove čís. 3917/39 z 29.6.1939. Vychádzal do 23.3.1939 | ||
| 505 | 8 | 0 | |g Roč. I. 1927 26 čís. po 10-20 s. |
| 505 | 8 | 0 | |g Roč. II. 1928 26 čís. po 12-17 s. |
| 505 | 8 | 0 | |g Roč. III. 1929 26 čís. po 13-14 s. |
| 505 | 8 | 0 | |g Roč. IV. 1930 26 čís. po 13-17 s. |
| 505 | 8 | 0 | |g Roč. V. 1931 26 čís. po 10-19 s. |
| 505 | 8 | 0 | |g Roč. VI. 1932 26 čís. po 11-14 s. |
| 505 | 8 | 0 | |g Roč. VII. 1933 22 čís. po 11-14 s. |
| 505 | 8 | 0 | |g Roč. VIII. 1934 24 čís. po 8-12 s. |
| 505 | 8 | 0 | |g Roč. IX. 1935 24 čís. po 8-12 s. |
| 505 | 8 | 0 | |g Roč. X. 1936 23 čís. po 8 s. |
| 505 | 8 | 0 | |g Roč. XI. 1937 23 čís. po 8-12 s. |
| 505 | 8 | 0 | |g Roč. XII. 1938 15 čís. po 8 s. |
| 505 | 8 | 0 | |g Roč. XIII. 1939 5 čís. po 4 s. |
| 520 | |a Odborný záujmový časopis. Mal totožnú úpravu, ba niektoré čísla mali celý obsah (články) totožné so Slovenskými mlynárskymi novinami | ||
| 650 | 0 | 7 | |a pekári |2 SNKBUDS |9 273776 |
| 655 | 7 | |a odborné časopisy |2 SNKBUDS |9 70505 | |
| 655 | 7 | |a záujmové časopisy |2 SNKBUDS |9 70804 | |
| 700 | 1 | |a Reisz, H. |4 pbd |9 273777 | |
| 700 | 1 | |a Pieringer, Fr. ml. |4 red |9 273778 | |
| 700 | 1 | |a Svoboda, Bohumil |4 pbd |4 red |9 273779 | |
| 700 | 1 | |a Grossmann, Ernest |4 pbd |9 273780 | |
| 700 | 1 | |a Schein, Albín, |d 1945-1991 |4 pbd |9 273781 | |
| 700 | 1 | |a Pék, Štefan Karl |4 red |9 273782 | |
| 700 | 1 | |a Marenčin, Vojtech, |d 1899-1975 |4 pbd |4 pbl |9 207709 | |
| 710 | 0 | |a Grossmann, Ernest |e vydav. |9 273783 | |
| 710 | 2 | |a Pallas (Prešov) |e tlač. |9 269806 | |
| 852 | |a SNK |b 10000 |h ČSA 143 | ||
| 852 | |a UKB |b 300000 |h SC 334 | ||
| 852 | |a PANKP |b 5000000 |h 54 C 2289 | ||
| 852 | |a PANKP |b 5000000 |h IV 1498 | ||
| 999 | |c 9301 |d 11231 | ||
| 952 | |0 0 |1 0 |4 0 |7 0 |8 3 |a SNK |b SNK |d 2004-06-10 |i snkK 1694/90 |l 0 |o snkČSA 143/1930 |p 17A0430817 |r 2005-01-02 00:00:00 |w 2026-02-21 |y PREZ | ||
| 952 | |0 0 |1 0 |4 0 |7 0 |a SNK |b SNK |d 2004-06-10 |i snk512/38 |l 0 |o snkČSA 143/7/1933 |p 17A0430825 |r 2005-01-02 00:00:00 |w 2026-02-21 |y PREZ | ||
| 952 | |0 0 |1 0 |4 0 |7 0 |a SNK |b SNK |d 2004-06-10 |i snkK 1960/86 |l 0 |o snkČSA 143/5/1931 |p 17A0430824 |r 2005-01-02 00:00:00 |w 2026-02-21 |y PREZ | ||
| 952 | |0 0 |1 0 |4 0 |7 0 |a SNK |b SNK |d 2004-06-10 |i snk1645/43 |l 0 |o snkČSA 143/10/1936 |p 17A0430108 |r 2005-01-02 00:00:00 |w 2026-02-21 |y PREZ | ||
| 952 | |0 0 |1 0 |4 0 |7 0 |a SNK |b SNK |d 2004-06-10 |i snk359/39 |l 0 |o snkČSA 143/9/1935 |p 17A0430340 |r 2005-01-02 00:00:00 |w 2026-02-21 |y PREZ | ||
| 952 | |0 0 |1 0 |4 0 |7 0 |a SNK |b SNK |d 2004-06-10 |i snk513/38 |l 0 |o snkČSA 143/8/1934 |p 17A0430341 |r 2005-01-02 00:00:00 |w 2026-02-21 |y PREZ | ||
| 952 | |0 0 |1 0 |4 0 |7 0 |a SNK |b SNK |d 2004-06-10 |i snkČSF 457/57 |l 0 |o snkČSA 143/6/1931/32 |p 17A0430813 |r 2005-01-02 00:00:00 |w 2026-02-21 |y PREZ | ||


